00293nam a2200109Ia 4500008004100000041000800041082002600049100001800075245004700093260003300140300001000173230411s9999 xx 000 0 und d aeng aP/610.7362/HOC/B05886 aHockenberry M aWongs Nursing Care of Infants and Children bElsevieraPhiladelphiac2006 a1990p